[Event "13sen.WMH 2003 Senioren"]
[Site "Bad Zwischenahn(17.11.-29.11.2003)"]
[Date "2003.??.??"]
[Round "7.12"]
[White "Joksic, Sinisa"]
[Black "Zakharchenko, Arnold"]
[Result "1/2-1/2"]
[WhiteElo "2271"]
[BlackElo "2331"]
[PlyCount "82"]


1. c4 e5 2. Nc3 Nf6 3. g3 d5 4. cxd5 Nxd5 5. Bg2 Nb6 6. Nf3 Nc6 7. O-O Be7 8.
a3 O-O 9. b4 Re8 10. d3 Bf8 11. Bb2 a5 12. b5 Nd4 13. Nd2 Re6 14. e3 Nf5 15.
Qc2 Nd6 16. a4 Bd7 17. Ne2 c6 18. bxc6 bxc6 19. d4 e4 20. Ba3 f5 21. Rab1 Nd5
22. Bc5 Re8 23. Nc4 Nxc4 24. Qxc4 Be6 25. Bxf8 Nb4 26. Qc5 Rxf8 27. f3 exf3 28.
Bxf3 Ba2 29. Rbc1 Nd3 30. Qxc6 Nxc1 31. Qxc1 Rc8 32. Qd2 Bc4 33. d5 Qd6 34. Rb1
Bxe2 35. Bxe2 Rc5 36. Qd4 Rfc8 37. Rb7 R8c7 38. Rb8+ Rc8 39. Rb7 R8c7 40. Rb8+
Rc8 41. Rb7 R8c7 1/2-1/2

[Event "13sen.WMH 2003 Senioren"]
[Site "Bad Zwischenahn(17.11.-29.11.2003)"]
[Date "2003.11.29"]
[Round "7.13"]
[White "Krueger, Erich"]
[Black "Sanakoev, Grigory"]
[Result "1-0"]
[WhiteElo "2140"]
[BlackElo "2264"]
[PlyCount "65"]


1. d4 Nf6 2. c4 e6 3. Nc3 Bb4 4. e3 c5 5. Nge2 d5 6. a3 cxd4 7. axb4 dxc3 8.
Nxc3 O-O 9. cxd5 exd5 10. Be2 Be6 11. b3 d4 12. Nb5 Nc6 13. Nxd4 Nxd4 14. exd4
Nd5 15. Qd2 Qd6 16. b5 Rfc8 17. O-O Nc3 18. Bf3 Bd5 19. Ba3 Qd7 20. Qf4 Nxb5
21. Rfe1 Nxa3 22. Rxa3 a6 23. Bg4 Qc7 24. Qg5 Rd8 25. b4 h6 26. Qd2 Qd6 27. Bf5
Qf6 28. Bb1 Bc4 29. Qc2 Be6 30. d5 Rxd5 31. Qh7+ Kf8 32. Qh8+ Ke7 33. Qxa8 1-0

[Event "13sen.WMH 2003 Senioren"]
[Site "Bad Zwischenahn(17.11.-29.11.2003)"]
[Date "2003.11.29"]
[Round "7.14"]
[White "Reichenbach, Werner"]
[Black "Niebling, Ferdinand"]
[Result "1/2-1/2"]
[WhiteElo "2294"]
[BlackElo "2068"]
[PlyCount "46"]


1. c4 f5 2. d4 Nf6 3. g3 g6 4. Bg2 Bg7 5. Nf3 d6 6. O-O O-O 7. Nc3 Qe8 8. b3
Na6 9. e3 c6 10. Qe2 Rb8 11. Bb2 Nc7 12. a4 h6 13. e4 fxe4 14. Nxe4 Nxe4 15.
Qxe4 Bf5 16. Qe3 Qf7 17. Nd2 Kh7 18. Bc3 Rbe8 19. f4 Bf6 20. Be4 Qg7 21. Nf3
Bxe4 22. Qxe4 d5 23. Qe3 c5 1/2-1/2

[Event "13sen.WMH 2003 Senioren"]
[Site "Bad Zwischenahn(17.11.-29.11.2003)"]
[Date "2003.11.29"]
[Round "7.15"]
[White "Ivanets, Vladimir"]
[Black "Potthammel, Joerg"]
[Result "1/2-1/2"]
[WhiteElo "2270"]
[BlackElo "1972"]
[PlyCount "75"]


1. e4 c6 2. c4 d5 3. exd5 cxd5 4. cxd5 Nf6 5. Nc3 g6 6. Nf3 Bg7 7. Bb5+ Nbd7 8.
d6 e6 9. d4 O-O 10. O-O Nb6 11. Bf4 Nh5 12. Be5 f6 13. d7 Bxd7 14. Bd6 Rf7 15.
h3 Bxb5 16. Nxb5 a6 17. Bh2 axb5 18. g4 Qd5 19. Ne1 Rxa2 20. Rxa2 Qxa2 21. b3
Bh6 22. gxh5 Qd2 23. Qxd2 Bxd2 24. Nf3 Bc3 25. hxg6 hxg6 26. Rc1 b4 27. Rc2 Rh7
28. Kg2 Rd7 29. Re2 Kf7 30. Re4 g5 31. h4 gxh4 32. Rxh4 Kg6 33. Rg4+ Kf7 34.
Rh4 Kg6 35. Kf1 Rg7 36. Ke2 Rh7 37. Kd3 Rxh4 38. Nxh4+ 1/2-1/2

[Event "13sen.WMH 2003 Senioren"]
[Site "Bad Zwischenahn(17.11.-29.11.2003)"]
[Date "2003.??.??"]
[Round "7.17"]
[White "Ousatchi, Mark"]
[Black "Katalymov, Boris"]
[Result "0-1"]
[WhiteElo "2041"]
[BlackElo "2381"]
[PlyCount "72"]


1. d4 c5 2. d5 e6 3. c4 exd5 4. cxd5 d6 5. Nc3 g6 6. Nf3 Nh6 7. Bg5 f6 8. Bd2
Bg7 9. e3 O-O 10. Qb3 Nd7 11. Be2 a6 12. a4 b6 13. O-O Ra7 14. e4 Re8 15. Rfe1
Nf8 16. Bd3 g5 17. Bc1 Ng6 18. Ne2 Bg4 19. Bc2 Nf7 20. Nd2 Nfe5 21. f3 Bc8 22.
Ng3 g4 23. Nc4 gxf3 24. Nxe5 fxe5 25. Qxf3 Nf4 26. Be3 Kh8 27. Rab1 Rf7 28. Nf5
Rg8 29. g3 Bf8 30. Kh1 Ng6 31. Qh5 Bd7 32. Rf1 Qe8 33. b3 Ne7 34. Qd1 Nxf5 35.
exf5 b5 36. Rf2 Be7 0-1

[Event "13sen.WMH 2003 Senioren"]
[Site "Bad Zwischenahn(17.11.-29.11.2003)"]
[Date "2003.11.29"]
[Round "7.18"]
[White "Villing, Dieter"]
[Black "Piankov, Evgenij"]
[Result "0-1"]
[WhiteElo "2170"]
[BlackElo "2299"]
[PlyCount "80"]


1. e4 g6 2. Nc3 Bg7 3. f4 c6 4. Bc4 d5 5. exd5 b5 6. Bd3 b4 7. Nce2 cxd5 8. Nf3
Qb6 9. Ng3 Nd7 10. Qe2 Ngf6 11. c3 O-O 12. cxb4 Qxb4 13. O-O Nc5 14. Bc2 Nce4
15. d4 Nxg3 16. hxg3 e6 17. Bd2 Qb6 18. Bd3 Ne4 19. Bxe4 dxe4 20. Qxe4 Bb7 21.
Qe1 Bxf3 22. Rxf3 Qxd4+ 23. Qe3 Qxb2 24. Bc3 Bxc3 25. Qxc3 Rab8 26. Rc1 Qxa2
27. Rf2 Qa6 28. Rfc2 Qb6+ 29. Kh2 Qb5 30. Qe3 Qh5+ 31. Kg1 Qa5 32. Kh2 a6 33.
Rc5 Rb5 34. Rxb5 Qxb5 35. Rc5 Qb4 36. Qe5 Qb6 37. Rc3 Rd8 38. Qf6 Qd4 39. Qg5
Rd5 40. Rc8+ Kg7 0-1

[Event "13sen.WMH 2003 Senioren"]
[Site "Bad Zwischenahn(17.11.-29.11.2003)"]
[Date "2003.11.29"]
[Round "7.19"]
[White "Bogorad, Michail"]
[Black "Kraidman, Yair"]
[Result "1/2-1/2"]
[WhiteElo "2063"]
[BlackElo "2297"]
[PlyCount "49"]


1. e4 c5 2. Nf3 g6 3. d4 cxd4 4. Qxd4 Nf6 5. Bb5 Nc6 6. Bxc6 dxc6 7. Qxd8+ Kxd8
8. Nc3 Bg7 9. Bf4 Ke8 10. h3 Nh5 11. Bd2 e5 12. O-O Be6 13. Be3 b6 14. a4 Kd7
15. Ng5 Nf4 16. Rfd1+ Kc7 17. a5 b5 18. Kh2 h6 19. Nf3 f6 20. Nd4 Bd7 21. Nb3
Ne6 22. Rd2 Rad8 23. Nc5 Nxc5 24. Bxc5 Bf8 25. Bxf8 1/2-1/2

[Event "13sen.WMH 2003 Senioren"]
[Site "Bad Zwischenahn(17.11.-29.11.2003)"]
[Date "2003.11.29"]
[Round "7.22"]
[White "Zoltek, Tadeuz"]
[Black "Winiwarter, Felix,Dr."]
[Result "1-0"]
[WhiteElo "2294"]
[BlackElo "2244"]
[PlyCount "95"]


1. c4 Nf6 2. Nc3 g6 3. g3 Bg7 4. Bg2 O-O 5. e4 d6 6. Nge2 c5 7. O-O Nc6 8. d3
Bd7 9. h3 a6 10. Be3 Rb8 11. a4 Ne8 12. d4 cxd4 13. Nxd4 Qc8 14. Nd5 Qd8 15. a5
Nc7 16. Nb6 Ne6 17. Nxe6 Bxe6 18. Qd2 Ne5 19. Qe2 Nd7 20. Nd5 Bxd5 21. exd5 Rc8
22. f4 Nf6 23. Bb6 Qd7 24. Ra3 Rfe8 25. b4 Kh8 26. Kh2 Qf5 27. Re3 Ng8 28. Rd1
Qd7 29. c5 Qa4 30. Qd2 Nh6 31. Rde1 Nf5 32. Rd3 Qb5 33. Re4 Nh6 34. Rde3 Ng8
35. Qe2 Qxe2 36. Rxe2 Rf8 37. Rc4 Bf6 38. c6 bxc6 39. dxc6 e6 40. c7 d5 41. Rc1
Ra8 42. Rec2 Rfc8 43. Bf1 Ne7 44. b5 axb5 45. Bxb5 Kg8 46. Bd7 g5 47. Bxc8 Nxc8
48. Rb1 1-0

[Event "13sen.WMH 2003 Senioren"]
[Site "Bad Zwischenahn(17.11.-29.11.2003)"]
[Date "2003.11.29"]
[Round "7.25"]
[White "Opl, Klaus,Dr."]
[Black "Batakovs, Olegs"]
[Result "1/2-1/2"]
[WhiteElo "2258"]
[BlackElo "2123"]
[PlyCount "93"]


1. e4 c5 2. Nf3 e6 3. d4 cxd4 4. Nxd4 Nc6 5. Nc3 Qc7 6. Be2 a6 7. O-O Nf6 8.
Be3 Be7 9. f4 d6 10. Qe1 Nxd4 11. Bxd4 b5 12. Qg3 O-O 13. Bf3 Bb7 14. Kh1 Rac8
15. Rae1 Ne8 16. a3 Bc6 17. e5 Bxf3 18. Rxf3 Qc4 19. Rd1 Kh8 20. exd6 Bxd6 21.
Qh4 f6 22. Rh3 h6 23. Qg4 e5 24. b3 Qc6 25. fxe5 Bxe5 26. Qg6 Rd8 27. Be3 Rxd1+
28. Nxd1 Qd6 29. Nf2 f5 30. Qxd6 Bxd6 31. Bd4 Nf6 32. b4 Re8 33. Nd3 Re2 34. c3
Ra2 35. Ne1 Ng4 36. Kg1 Kh7 37. Rd3 Ra1 38. Kf1 Bxh2 39. c4 bxc4 40. Bxa1 cxd3
41. Nxd3 Ne3+ 42. Kf2 Nc4 43. g3 Nxa3 44. Kg2 Bxg3 45. Kxg3 g5 46. Nc5 Kg6 47.
Nxa6 1/2-1/2

[Event "13sen.WMH 2003 Senioren"]
[Site "Bad Zwischenahn(17.11.-29.11.2003)"]
[Date "2003.11.25"]
[Round "7.26"]
[White "Kruek, Josef"]
[Black "Goy, Udo"]
[Result "0-1"]
[WhiteElo "2085"]
[BlackElo "2265"]
[PlyCount "58"]


1. e4 g6 2. d4 Bg7 3. Nc3 c6 4. Nf3 d5 5. e5 Nh6 6. Bd3 O-O 7. h3 f6 8. Bf4 Nf7
9. exf6 exf6 10. O-O b6 11. Ne2 Na6 12. c3 Nc7 13. Rc1 Ne6 14. Be3 Nd6 15. b3
f5 16. Nf4 Kh8 17. Nxe6 Bxe6 18. Ne5 Rc8 19. Re1 Ne4 20. f3 f4 21. fxe4 fxe3
22. Rc2 Bh6 23. exd5 cxd5 24. c4 Qh4 25. Ng4 Bxg4 26. hxg4 Qg3 27. cxd5 Rxc2
28. Bxc2 Rf2 29. Be4 Bf4 0-1

[Event "13sen.WMH 2003 Senioren"]
[Site "Bad Zwischenahn(17.11.-29.11.2003)"]
[Date "2003.11.29"]
[Round "7.27"]
[White "Sawadkuhi, Massoud Amir"]
[Black "Daniel, Wolfgang"]
[Result "1/2-1/2"]
[WhiteElo "2211"]
[BlackElo "1930"]
[PlyCount "110"]


1. d4 Nf6 2. c4 d6 3. Nc3 Nbd7 4. e4 e5 5. d5 Nc5 6. Qc2 a5 7. Nge2 Be7 8. h3
Bd7 9. g4 c6 10. Ng3 cxd5 11. cxd5 h6 12. Nf5 Bxf5 13. exf5 Rc8 14. Be3 Nfd7
15. O-O-O Bg5 16. Kb1 Bxe3 17. fxe3 Qb6 18. Bb5 Rc7 19. h4 Na6 20. Qe2 Kd8 21.
g5 h5 22. Na4 Qa7 23. Bxa6 bxa6 24. Rc1 Ke7 25. Rxc7 Qxc7 26. Rc1 Qb7 27. e4
Qb5 28. Qc2 Rb8 29. Qc4 f6 30. Qc2 Qb4 31. Rg1 Nc5 32. Nxc5 dxc5 33. gxf6+ gxf6
34. Rc1 Kd6 35. a3 Qd4 36. Rd1 Rxb2+ 37. Qxb2 Qxd1+ 38. Ka2 Qa4 39. Qb8+ Kd7
40. Qa7+ Ke8 41. Qxc5 Qxe4 42. Qc8+ Ke7 43. Qe6+ Kd8 44. Qxf6+ Kc7 45. Qe7+ Kb8
46. Qe8+ Ka7 47. Qd7+ Kb8 48. Qd6+ Ka7 49. Qc5+ Kb7 50. f6 Qe2+ 51. Kb3 Qf3+
52. Ka4 Qxf6 53. Kxa5 Qd8+ 54. Ka4 Qxh4+ 55. Kb3 Qh3+ 1/2-1/2

[Event "13sen.WMH 2003 Senioren"]
[Site "Bad Zwischenahn(17.11.-29.11.2003)"]
[Date "2003.??.??"]
[Round "7.33"]
[White "Lotsov Har-Zahav, Avraham"]
[Black "Rudnik, Heinz"]
[Result "0-1"]
[WhiteElo "2034"]
[BlackElo "1996"]
[PlyCount "38"]


1. e4 e5 2. Nf3 Nc6 3. d4 exd4 4. Nxd4 Bc5 5. Nb3 Bb6 6. Bd3 d6 7. a4 a6 8. Nc3
Qh4 9. O-O Nf6 10. Qf3 Be6 11. Nd5 Bxd5 12. exd5 Ne5 13. Qe2 O-O 14. c4 Rae8
15. h3 Nxc4 16. Qc2 Ne5 17. a5 Ba7 18. Bd2 Nfg4 19. Be1 Qg3 0-1

[Event "13sen.WMH 2003 Senioren"]
[Site "Bad Zwischenahn(17.11.-29.11.2003)"]
[Date "2003.??.??"]
[Round "7.37"]
[White "Nietsch, Horst"]
[Black "Karasev, Vladimir"]
[Result "0-1"]
[WhiteElo "1987"]
[BlackElo "2409"]
[PlyCount "94"]


1. e4 c5 2. Nf3 e6 3. d4 cxd4 4. Nxd4 a6 5. Bd3 Nf6 6. O-O Qc7 7. Be3 d5 8. Nd2
e5 9. N4b3 Nc6 10. c3 Be7 11. Qc2 Ng4 12. Bc5 Bxc5 13. Nxc5 Ne7 14. Ncb3 f5 15.
h3 fxe4 16. Bxe4 Nf6 17. Bd3 e4 18. Be2 Nf5 19. Qc1 Be6 20. Nd4 Nxd4 21. cxd4
Qd7 22. Nb3 b6 23. Qe3 O-O 24. Qg3 Ne8 25. Rac1 Rf6 26. Bg4 Rg6 27. Bxe6+ Qxe6
28. Qh2 Nd6 29. Rc3 Nc4 30. Qc7 Rf8 31. Rg3 Rxg3 32. Qxg3 Nxb2 33. Rc1 Nc4 34.
Re1 h6 35. Re2 Qf6 36. Re1 a5 37. Rd1 Rc8 38. Qc3 Qf4 39. Rc1 Rf8 40. Qe1 Rf6
41. Rc3 Kh7 42. Rg3 Rc6 43. Qe2 a4 44. Qh5 axb3 45. axb3 Nd2 46. Qxd5 Rc1+ 47.
Kh2 Nf1+ 0-1

[Event "13sen.WMH 2003 Senioren"]
[Site "Bad Zwischenahn(17.11.-29.11.2003)"]
[Date "2003.11.29"]
[Round "7.40"]
[White "Delander, Adolf"]
[Black "Juergens, Peter"]
[Result "1/2-1/2"]
[WhiteElo "2006"]
[BlackElo "1835"]
[PlyCount "37"]


1. d4 e6 2. Nf3 Nf6 3. e3 b6 4. Bd3 Bb7 5. O-O Be7 6. Nbd2 d5 7. c4 O-O 8. Qc2
Nbd7 9. e4 dxe4 10. Nxe4 Nxe4 11. Bxe4 Bxe4 12. Qxe4 Nf6 13. Qe2 c5 14. Rd1
cxd4 15. Nxd4 Qc7 16. Bg5 h6 17. Bh4 Rac8 18. b3 Qc5 19. Nf3 1/2-1/2

[Event "13sen.WMH 2003 Senioren"]
[Site "Bad Zwischenahn(17.11.-29.11.2003)"]
[Date "2003.11.29"]
[Round "7.48"]
[White "Eidelmann, Vova"]
[Black "Dorawa, Bernhard"]
[Result "1/2-1/2"]
[WhiteElo "1930"]
[BlackElo "1945"]
[PlyCount "120"]


1. e4 c5 2. Nf3 d6 3. d4 cxd4 4. Nxd4 Nf6 5. Nc3 a6 6. f3 e6 7. Be3 Qc7 8. Bd3
Nc6 9. a3 Be7 10. Qd2 Ne5 11. Qe2 b5 12. O-O Bd7 13. Rad1 Nc4 14. Bc1 Qa7 15.
Qf2 e5 16. Nde2 Qxf2+ 17. Rxf2 Rc8 18. b3 Nb6 19. Be3 Bd8 20. Na2 d5 21. Rff1
dxe4 22. fxe4 Ng4 23. Bc1 Be7 24. h3 Bc5+ 25. Kh1 Nf2+ 26. Rxf2 Bxf2 27. Bb2 f6
28. Nb4 a5 29. Na6 O-O 30. Rf1 Bc5 31. Nxc5 Rxc5 32. Bc3 Ra8 33. b4 axb4 34.
Bxb4 Rcc8 35. Nc3 Nc4 36. Nd5 Rcb8 37. Ra1 Kf7 38. g4 h5 39. g5 Rb7 40. gxf6
gxf6 41. Rf1 Bxh3 42. Rxf6+ Kg7 43. Bxc4 bxc4 44. Rc6 Rf7 45. Rxc4 Be6 46. Bd6
Bxd5 47. Bxe5+ Kg6 48. exd5 Rxa3 49. d6 Kf5 50. Rc5 Ke6 51. Bd4 Kxd6 52. Rxh5
Raf3 53. Kg2 R3f5 54. Rh3 Rg5+ 55. Kh2 Kd5 56. c3 Rb7 57. Rh4 Rb2+ 58. Kh1 Rc2
59. Rf4 Rgg2 60. c4+ Kxc4 1/2-1/2

[Event "13sen.WMH 2003 Senioren"]
[Site "Bad Zwischenahn(17.11.-29.11.2003)"]
[Date "2003.11.29"]
[Round "8"]
[White "Aigner, Georg"]
[Black "Sattler, Franz"]
[Result "1/2-1/2"]
[WhiteElo "1806"]
[BlackElo "1884"]
[PlyCount "134"]


1. e4 c5 2. Nf3 e6 3. d4 cxd4 4. Nxd4 a6 5. Be3 Nf6 6. Nd2 Qc7 7. Be2 d5 8. Bd3
Nbd7 9. c3 Nc5 10. Bc2 dxe4 11. Bg5 e5 12. N4b3 Bg4 13. Qb1 e3 14. Bxe3 O-O-O
15. O-O Kb8 16. a4 Nd5 17. Qe1 Nxe3 18. Qxe3 Be6 19. Nc1 f5 20. Nf3 Bd6 21. h3
Bc4 22. Rd1 e4 23. Nd4 f4 24. Qe1 Rhe8 25. b3 Bd3 26. b4 Bxc2 27. bxc5 Bxd1 28.
cxd6 Rxd6 29. Qxd1 Qxc3 30. Ncb3 Red8 31. Qc2 Qxc2 32. Nxc2 Rd1+ 33. Rxd1 Rxd1+
34. Kh2 e3 35. fxe3 fxe3 36. Kg3 Rd3 37. Ncd4 b5 38. a5 e2+ 39. Kf2 Re3 40. Ke1
Rg3 41. Kxe2 Rxg2+ 42. Kf3 Rh2 43. Kg4 Rg2+ 44. Kf4 Rh2 45. Kg3 Rb2 46. Nc5 Rd2
47. Nde6 Ka7 48. Kg4 b4 49. Nb3 Rb2 50. Nec5 Rg2+ 51. Kf3 Rh2 52. Kg3 Rb2 53.
Nd4 Rd2 54. Nc6+ Ka8 55. Nxb4 Rd6 56. Ncxa6 Rg6+ 57. Kh2 Rg5 58. Nc7+ Kb7 59.
Ncd5 h5 60. a6+ Ka7 61. Nc7 Rc5 62. Ncd5 g5 63. Kg2 Rc4 64. Kf3 g4+ 65. hxg4
hxg4+ 66. Kg3 Rc1 67. Kxg4 Ra1 1/2-1/2

[Event "13sen.WMH 2003 Senioren"]
[Site "Bad Zwischenahn(17.11.-29.11.2003)"]
[Date "2003.11.29"]
[Round "8"]
[White "Barlo, Werner"]
[Black "Ziltener, Werner"]
[Result "0-1"]
[WhiteElo "1735"]
[BlackElo "1967"]
[PlyCount "70"]


1. e4 e5 2. Nf3 Nc6 3. d4 exd4 4. Nxd4 Nf6 5. Nc3 Bb4 6. Nxc6 bxc6 7. Bd3 d5 8.
exd5 cxd5 9. Bb5+ Bd7 10. Qe2+ Qe7 11. Bxd7+ Kxd7 12. Qxe7+ Bxe7 13. O-O Rab8
14. Rd1 c6 15. Rb1 Bd6 16. h3 Rhe8 17. Be3 a6 18. Na4 Rb4 19. Nc5+ Bxc5 20.
Bxc5 Rc4 21. Bd4 Rxc2 22. Rbc1 Ree2 23. Rxc2 Rxc2 24. f3 Nh5 25. Rd3 Nf4 26.
Rd1 Rxg2+ 27. Kh1 Rg3 28. Be5 Rxh3+ 29. Kg1 Rxf3 30. Bxf4 Rxf4 31. Rd3 Ra4 32.
a3 Rc4 33. b4 Rc2 34. a4 Ra2 35. b5 Rxa4 0-1

[Event "13sen.WMH 2003 Senioren"]
[Site "Bad Zwischenahn(17.11.-29.11.2003)"]
[Date "2003.11.29"]
[Round "8"]
[White "Batakovs, Olegs"]
[Black "Rosen, Willy"]
[Result "0-1"]
[WhiteElo "2123"]
[BlackElo "2222"]
[PlyCount "82"]


1. e4 c5 2. Nf3 Nc6 3. d4 cxd4 4. Nxd4 Qb6 5. Nb3 Nf6 6. Nc3 e6 7. Be3 Qc7 8.
Be2 Bb4 9. f3 d5 10. O-O Bxc3 11. bxc3 O-O 12. Bd3 Ne5 13. Bd4 dxe4 14. fxe4
Nfd7 15. Qe1 Ng6 16. h4 h5 17. Qf2 e5 18. Qg3 Qd8 19. Bf2 Nf6 20. Be3 Ng4 21.
Bg5 Qb6+ 22. Kh1 Be6 23. Be2 Rac8 24. Rf3 Rc6 25. Raf1 Bc4 26. Bxc4 Rxc4 27.
Qe1 Ra4 28. Qd2 Qc6 29. Rd3 Rxe4 30. Rd8 Rxd8 31. Qxd8+ Kh7 32. Nd2 Re2 33. Nf3
f6 34. Bd2 Qa6 35. Qd5 Re4 36. Qd3 Ra4 37. Qxa6 Rxa6 38. Rb1 Rxa2 39. Rxb7 e4
40. Ng1 Rxc2 41. Be1 Rc1 0-1

[Event "13sen.WMH 2003 Senioren"]
[Site "Bad Zwischenahn(17.11.-29.11.2003)"]
[Date "2003.11.29"]
[Round "8"]
[White "Becker, Karl-Heinz[31Köln]"]
[Black "Gestrich, Wolfgang,Prof.Dr."]
[Result "1-0"]
[WhiteElo "1534"]
[BlackElo "1401"]
[PlyCount "131"]


1. Nf3 Nf6 2. d4 d6 3. Nc3 Bf5 4. e3 c6 5. Bd3 Bxd3 6. Qxd3 Nbd7 7. e4 e5 8.
Be3 Be7 9. O-O-O Ng4 10. h3 Nxe3 11. fxe3 Qc7 12. g4 h6 13. h4 f6 14. Qc4 Qc8
15. Qe6 Nb6 16. Qf5 Qxf5 17. gxf5 O-O-O 18. b3 a6 19. d5 c5 20. Rdg1 Rhg8 21.
Rg6 c4 22. Rhg1 cxb3 23. axb3 Bf8 24. Rxf6 Be7 25. Rfg6 Bf6 26. h5 Rgf8 27. Nd1
Nd7 28. Nf2 b5 29. b4 Nb6 30. Ng4 Rd7 31. Nxf6 Rxf6 32. Rxg7 Rxg7 33. Rxg7 Nc4
34. Nd2 Nxe3 35. Rg6 Rxg6 36. hxg6 Ng4 37. g7 Nf6 38. Nf1 Kd7 39. Ng3 Ke7 40.
Nh5 Ng8 41. Kd2 Kf7 42. Ke3 Ne7 43. Kf3 Ng8 44. Kg4 Ne7 45. Kf3 Ng8 46. Ke3 Ne7
47. Kd3 Ng8 48. c4 bxc4+ 49. Kxc4 Ne7 50. b5 axb5+ 51. Kxb5 Ng8 52. Kc6 Ne7+
53. Kxd6 Nxf5+ 54. Kxe5 Nxg7 55. Nxg7 Kxg7 56. Ke6 Kf8 57. Kf6 Ke8 58. Kg6 Ke7
59. e5 h5 60. Kxh5 Kf7 61. Kh6 Ke7 62. Kg7 Ke8 63. Kf6 Kf8 64. d6 Ke8 65. e6
Kf8 66. d7 1-0

[Event "13sen.WMH 2003 Senioren"]
[Site "Bad Zwischenahn(17.11.-29.11.2003)"]
[Date "2003.11.29"]
[Round "8"]
[White "Bergmann, Hans-Dieter"]
[Black "Luebbers, Doris,Dr."]
[Result "1/2-1/2"]
[WhiteElo "1595"]
[BlackElo "1308"]
[PlyCount "106"]


1. e4 e5 2. f4 exf4 3. Nf3 d6 4. d4 Be7 5. Bxf4 Nf6 6. Nc3 Bg4 7. Bc4 O-O 8.
O-O c6 9. Qe1 Nbd7 10. e5 dxe5 11. Nxe5 Nxe5 12. Bxe5 Nd5 13. Ne4 Bh5 14. c3
Bg6 15. Bd3 f6 16. Bg3 f5 17. Nc5 Bxc5 18. dxc5 Qe8 19. Be5 f4 20. Bxg6 Qxg6
21. Qe2 Rf5 22. Bd6 Re8 23. Qf2 Qg5 24. c4 Nf6 25. Bxf4 Qh5 26. Rae1 Ng4 27.
Qg3 Rxe1 28. Rxe1 Nf6 29. b4 Qf7 30. Bg5 Nd7 31. Bh6 Rf6 32. Bg5 Re6 33. Rf1
Qe8 34. Bd2 Re2 35. Bc3 g6 36. Ba1 Qe3+ 37. Qxe3 Rxe3 38. Rd1 Re7 39. Bc3 a6
40. Be1 Ne5 41. Bh4 Rd7 42. Re1 Nxc4 43. Bg3 Nb2 44. Bd6 Nd3 45. Re8+ Kg7 46.
a3 Kf7 47. Rf8+ Ke6 48. Rf3 Nb2 49. Rc3 Kd5 50. Rc2 Nc4 51. Bg3 Nxa3 52. Rd2+
Ke6 53. Re2+ Kd5 1/2-1/2

[Event "13sen.WMH 2003 Senioren"]
[Site "Bad Zwischenahn(17.11.-29.11.2003)"]
[Date "2003.11.29"]
[Round "8"]
[White "Bleher, Walter"]
[Black "Wittmann, Georg"]
[Result "1-0"]
[WhiteElo "1935"]
[BlackElo "1820"]
[PlyCount "161"]


1. e4 c6 2. d4 d5 3. exd5 cxd5 4. Bd3 Nc6 5. c3 Nf6 6. Bf4 Bg4 7. Qb3 Qc8 8.
Nd2 e6 9. Ngf3 Bxf3 10. Nxf3 Be7 11. O-O O-O 12. Rae1 Na5 13. Qc2 Nc4 14. Re2
g6 15. Rfe1 Nh5 16. Bh6 Re8 17. Bc1 Qc7 18. g3 Rac8 19. Ng5 Qd8 20. h4 Ng7 21.
Kg2 Nd6 22. g4 Rc6 23. Bf4 a6 24. a4 h5 25. f3 Bxg5 26. Bxg5 Qd7 27. Bf6 Rf8
28. Qd2 Nde8 29. Bg5 f5 30. gxh5 Nxh5 31. Bh6 Neg7 32. Qg5 Qf7 33. Kh3 Kh7 34.
Qd2 Rg8 35. Bg5 Qc7 36. Re5 Qd7 37. Be2 Rgc8 38. Bd1 Rb6 39. Qg2 Qc7 40. Bc1
Qd8 41. Qd2 f4 42. Bc2 Qf6 43. Qg2 Nf5 44. Qg4 Rf8 45. Bxf5 exf5 46. Qg2 Rd6
47. Re7+ Rf7 48. Qe2 Rd7 49. Rxf7+ Qxf7 50. Qe5 Qf6 51. Qxf6 Nxf6 52. Bxf4 Kg8
53. Bg5 Nh7 54. Kg3 Kf7 55. Kf4 Nf8 56. Re5 Ne6+ 57. Kg3 Ng7 58. Kf2 Nh5 59.
Ke2 Ng7 60. Kd3 b5 61. axb5 axb5 62. Kc2 Ne6 63. Kb3 Nxg5 64. hxg5 Rd8 65. Kb4
Rh8 66. Rxd5 Rh3 67. Rd7+ Kf8 68. f4 Rf3 69. Kxb5 Rxf4 70. d5 Rg4 71. d6 Rxg5
72. Ra7 f4+ 73. Kc6 Rg2 74. Ra8+ Kf7 75. d7 Rd2 76. d8=Q Rxd8 77. Rxd8 g5 78.
Kd5 g4 79. Ke4 f3 80. Ke3 Kg6 81. Rd5 1-0

[Event "13sen.WMH 2003 Senioren"]
[Site "Bad Zwischenahn(17.11.-29.11.2003)"]
[Date "2003.11.29"]
[Round "8"]
[White "Bodenstein, Joachim"]
[Black "Schoerghuber, Kurt"]
[Result "1-0"]
[WhiteElo "1862"]
[BlackElo "1702"]
[PlyCount "31"]


1. e4 e5 2. Nf3 Nc6 3. c3 Bc5 4. d4 exd4 5. cxd4 Bb4+ 6. Nc3 d6 7. Bc4 Nge7 8.
Ng5 d5 9. exd5 Nxd5 10. O-O Bxc3 11. bxc3 O-O 12. Nxh7 Nxc3 13. Qh5 g6 14.
Qxg6+ Kh8 15. Qh6 Bf5 16. Nf6+ 1-0

[Event "13sen.WMH 2003 Senioren"]
[Site "Bad Zwischenahn(17.11.-29.11.2003)"]
[Date "2003.11.29"]
[Round "8"]
[White "Bodinger, Karl"]
[Black "Ollek, Karl-Heinz"]
[Result "0-1"]
[WhiteElo "1394"]
[BlackElo "1606"]
[PlyCount "70"]


1. e4 c6 2. d4 d6 3. h3 Nf6 4. Nc3 b5 5. f3 a6 6. a3 Nbd7 7. Be3 e6 8. Qd2 Be7
9. b4 O-O 10. g4 a5 11. g5 Nh5 12. bxa5 Qxa5 13. Nge2 Nb6 14. Nb1 Nc4 15. Qxa5
Rxa5 16. Bc1 Bd7 17. Nec3 Ng3 18. Rg1 Nxf1 19. Kxf1 d5 20. e5 Rfa8 21. Ke2 b4
22. Nd1 bxa3 23. Ra2 c5 24. dxc5 Bb5 25. Ndc3 Ba6 26. Ke1 Bxc5 27. Rg4 Bb7 28.
h4 Nxe5 29. Rg3 Bb4 30. f4 Nc4 31. Ke2 d4 32. Ne4 Bxe4 33. Nxa3 Nxa3 34. Rb3
Bf8 35. Rab2 Nc4 0-1

[Event "13sen.WMH 2003 Senioren"]
[Site "Bad Zwischenahn(17.11.-29.11.2003)"]
[Date "2003.11.29"]
[Round "8"]
[White "Bosbach, Manfred"]
[Black "Daitche, Josef"]
[Result "1-0"]
[WhiteElo "1766"]
[BlackElo "1649"]
[PlyCount "59"]


1. e4 Nf6 2. Nc3 e5 3. Bc4 d6 4. d3 Be7 5. f4 exf4 6. Bxf4 Bg4 7. Nf3 Nh5 8.
Be3 Bh4+ 9. g3 Bf6 10. O-O O-O 11. Qd2 c6 12. Rae1 Nd7 13. d4 b5 14. Bd3 a6 15.
Nd1 c5 16. c3 c4 17. Bb1 Re8 18. Kg2 Nf8 19. Ng1 Bc8 20. Nf2 g6 21. Ne2 Qd7 22.
Nf4 Ng7 23. Nd5 Bd8 24. Bg5 Nfe6 25. Bxd8 Qxd8 26. Ng4 Rf8 27. Ngf6+ Kh8 28.
Qh6 Ng5 29. Qxg5 Ne8 30. Qh6 1-0

[Event "13sen.WMH 2003 Senioren"]
[Site "Bad Zwischenahn(17.11.-29.11.2003)"]
[Date "2003.11.29"]
[Round "8"]
[White "Brandt, Fred"]
[Black "Rueggeberg, Wilhelm"]
[Result "1/2-1/2"]
[WhiteElo "1641"]
[BlackElo "1777"]
[PlyCount "63"]


1. d4 Nf6 2. Nf3 d5 3. Bf4 Nbd7 4. e3 e6 5. Nbd2 c5 6. Bd3 Qb6 7. Rb1 cxd4 8.
exd4 Bd6 9. Bxd6 Qxd6 10. O-O O-O 11. Re1 b6 12. Ne5 Bb7 13. Ndf3 Qc7 14. c3
Rae8 15. Qe2 Re7 16. Rbc1 Rc8 17. Ng5 h6 18. Nh3 Nxe5 19. dxe5 Ne4 20. f3 Qc5+
21. Kh1 Ng5 22. Nf4 d4 23. h4 Nh7 24. cxd4 Qxd4 25. Rxc8+ Bxc8 26. Bxh7+ Kxh7
27. Qc2+ g6 28. Re4 Qd8 29. h5 Rc7 30. hxg6+ fxg6 31. Rc4 Qh4+ 32. Kg1 1/2-1/2

[Event "13sen.WMH 2003 Senioren"]
[Site "Bad Zwischenahn(17.11.-29.11.2003)"]
[Date "2003.11.29"]
[Round "8"]
[White "Brandt, Wilhelm"]
[Black "Zeh, Helmut"]
[Result "1-0"]
[WhiteElo "1871"]
[BlackElo "1757"]
[PlyCount "53"]


1. d4 Nf6 2. c4 e6 3. Nc3 d5 4. Bg5 c5 5. cxd5 cxd4 6. Qxd4 Be7 7. Nf3 O-O 8.
e4 Nxd5 9. Bxe7 Nxe7 10. Qe3 Nbc6 11. a3 a6 12. Be2 b5 13. O-O Bb7 14. Rac1 Qa5
15. Na2 Rac8 16. b4 Qc7 17. Rc5 Qb8 18. Rfc1 Rfd8 19. R1c2 e5 20. Rc1 Nd4 21.
Nxe5 f6 22. Nd3 Qa8 23. f3 Nb3 24. Rxc8 Rxc8 25. Rxc8+ Qxc8 26. Nf2 Qc2 27. Bd1
1-0

[Event "13sen.WMH 2003 Senioren"]
[Site "Bad Zwischenahn(17.11.-29.11.2003)"]
[Date "2003.11.29"]
[Round "8"]
[White "Bredendick, Franz"]
[Black "Zotin, Vladimir"]
[Result "0-1"]
[WhiteElo "1792"]
[BlackElo "1882"]
[PlyCount "90"]


1. e4 g6 2. d4 Bg7 3. Nf3 d6 4. h3 Nf6 5. Nc3 c5 6. d5 a6 7. a4 b6 8. Bg5 Nbd7
9. Bd3 O-O 10. Qd2 Ne8 11. Bh6 Ndf6 12. Bxg7 Kxg7 13. O-O Qc7 14. b3 e5 15. Nh2
Nh5 16. Ne2 h6 17. g4 Nhf6 18. f4 Qe7 19. Ng3 Nh7 20. f5 Qh4 21. Qg2 Ng5 22.
Nf3 Qxh3 23. Nxg5 Qxg2+ 24. Kxg2 hxg5 25. Rh1 Nf6 26. Kf3 Bb7 27. Rh2 Rh8 28.
Rah1 Rxh2 29. Rxh2 Bc8 30. Ne2 Bd7 31. Nc3 gxf5 32. exf5 b5 33. axb5 axb5 34.
Bxb5 e4+ 35. Nxe4 Bxb5 36. Nxd6 Bd7 37. c4 Rb8 38. Rb2 Ba4 39. Ne4 Nxe4 40.
Kxe4 f6 41. b4 Rxb4 42. Rxb4 cxb4 43. Kd4 Kf7 44. d6 Ke8 45. c5 Bb5 0-1